000
00312nam a22001457a 4500
008
221107b ||||| |||| 00| 0 eng d
020
_a
2740324062237
041
_a
eng
080
_a
61
082
_a
61 SAT
100
_a
7
101
_a
INF
245
_a
MULTICULTURAL MEDICINE
_c
SATCHER D
942
_2
udc
_c
BK
999
_c
58771
_d
58771